Để học tốt sinh học 12

Sách là tài liệu tham khảo giúp giáo viên, học sinh trung học phổ thông có thêm tư liệu để dạy và học tốt hơn bộ môn Sinh học.

Na minha lista:
Detalhes bibliográficos
Autor principal: Nguyễn, Văn Sang
Formato: Livro
Idioma:Undetermined
Publicado em: Thành phố Hồ Chí Minh Đại học Quốc gia Thành phố Hồ Chí Minh 2006
Assuntos:
Tags: Adicionar Tag
Sem tags, seja o primeiro a adicionar uma tag!
Thư viện lưu trữ: Trung tâm Học liệu Trường Đại học Cần Thơ
LEADER 00848nam a2200217Ia 4500
001 CTU_116271
008 210402s9999 xx 000 0 und d
020 |c 12000 
082 |a 570.712 
082 |b S106/L.12 
100 |a Nguyễn, Văn Sang 
245 0 |a Để học tốt sinh học 12 
245 0 |c Nguyễn Văn Sang, Nguyễn Thị Vân 
260 |a Thành phố Hồ Chí Minh 
260 |b Đại học Quốc gia Thành phố Hồ Chí Minh 
260 |c 2006 
520 |a Sách là tài liệu tham khảo giúp giáo viên, học sinh trung học phổ thông có thêm tư liệu để dạy và học tốt hơn bộ môn Sinh học. 
650 |a Biology 
650 |x Study and teaching 
904 |i Tuyến 
980 |a Trung tâm Học liệu Trường Đại học Cần Thơ